000 00255nam a2200109Ia 4500
008 190216s9999||||xx |||||||||||||| ||und||
100 _aSurendran K
245 0 _aBiksham Dehi
260 _bNbs Kottayam
650 _aMalayalam Novel-Malayalam
942 _cBK
999 _c25970
_d25970